El símbolo y la acción : vida y obra de Gerardo Murillo, Dr. Atl /

Trabajo que busca, a través de la revisión de la bibliografía sobre el pintor, de archivos públicos y privados, de publicaciones en periódicos y revistas y en su obra misma, los orígenes y las transformaciones del pensamiento del Dr. Atl, así como de sus ideas estéticas y políticas.

Guardado en:
Bibliografiske detaljer
Hovedforfatter: Sáenz, Olga (autor)
Andre forfattere: Reyes, Aurelio de los (prólogo) (prólogo)
Format: Bog
Sprog:spansk
Udgivet: México : El Colegio Nacional, 2017, c2017
Udgivelse:2a edición
Fag:
Tags: Tilføj Tag
Ingen Tags, Vær først til at tagge denne postø!

MARC

LEADER 00000nam^a2200000^a^4500
001 000416687
005 20250521000000.0
009 20260310122330.773
020 |a 978-607-724-015-0 
037 |a Acervo ITESO - Biblioteca 
041 |a ESP 
082 |a 759. 97206  |b ATL SAE 
100 |a Sáenz, Olga  |e (autor) 
245 1 3 |a El símbolo y la acción :  |b vida y obra de Gerardo Murillo, Dr. Atl /  |c O. Sáenz ; pról. de A. de los Reyes. 
250 |a 2a edición 
264 4 |a México :  |b El Colegio Nacional,  |c 2017, c2017 
300 |a XIX, 653 p. 
336 |a texto  |b txt  |2 rdacontenido 
337 |a sin mediación  |b n  |2 rdamedio 
338 |a volumen  |b nc  |2 rdasoporte 
520 |a Trabajo que busca, a través de la revisión de la bibliografía sobre el pintor, de archivos públicos y privados, de publicaciones en periódicos y revistas y en su obra misma, los orígenes y las transformaciones del pensamiento del Dr. Atl, así como de sus ideas estéticas y políticas. 
649 |a XX 
650 |a Pintores Jaliscienses 
650 |a Pintores Mexicanos 
650 |a Artistas Jaliscienses 
650 |a Artistas Mexicanos 
650 |a Volcanes en la Pintura 
650 |a Paisajismo -  |x Historia y Crítica 
650 |a Pintura Moderna -  |x Historia y Crítica 
650 |a Pintura Jalisciense -  |y Siglo XX 
650 |a Pintura Jalisciense -  |x Historia y Crítica 
650 |a Pintura Mexicana -  |y Siglo XX 
650 |a Pintura Mexicana -  |x Historia y Crítica 
650 |a Literatura Jalisciense -  |y Siglo XX 
650 |a Literatura Jalisciense -  |x Historia y Crítica 
650 |a Literatura Mexicana -  |y Siglo XX 
650 |a Literatura Mexicana -  |x Historia y Crítica 
650 |a Arte Moderno -  |x Historia y Crítica 
650 |a Arte Jalisciense -  |y Siglo XX 
650 |a Arte Jalisciense -  |x Historia y Crítica 
650 |a Arte Mexicano -  |y Siglo XX 
650 |a Arte Mexicano -  |x Historia y Crítica 
650 |a Arte y Política -  |z México -  |x Tema Principal 
650 |a Estética -  |x Tema Principal 
650 |a Atl, Dr. -  |x Tema Principal 
700 |a Reyes, Aurelio de los  |e (prólogo) 
910 |a Fondo General 
920 |a Impresos - Libros 
930 |a Reserva Especial 
905 |a 103 
901 |a 416687001  |b IT1  |c REE  |i C167912  |u 20250521 
902 |a https://opac.biblio.iteso.mx/vufind/Record/000416687